Menová politika ECB a hospodárska politika členských krajín EMU dizertačná práca
Na minha lista:
| Autor principal: | |
|---|---|
| Autor Corporativo: | |
| Outros Autores: | |
| Formato: | Livro |
| Idioma: | eslovaco |
| Publicado em: |
Bratislava
2013
|
| Assuntos: | |
| Tags: |
Sem tags, seja o primeiro a adicionar uma tag!
|
MARC
| LEADER | 00000nbm a2200000 4500 | ||
|---|---|---|---|
| 001 | 0177413 | ||
| 005 | 20240502073024.2 | ||
| 041 | 0 | |a slo | |
| 044 | |a SK | ||
| 245 | 1 | 0 | |a Menová politika ECB a hospodárska politika členských krajín EMU |b dizertačná práca |c Zoltán Baka ; školiteľ: Otto Sobek |
| 264 | 1 | |a Bratislava |c 2013 | |
| 300 | |a 100 s. | ||
| 610 | 2 | 0 | |a politika menová |
| 610 | 2 | 0 | |a politika hospodárska |
| 610 | 2 | 0 | |a politika hospodárska medzinárodná |
| 610 | 2 | 0 | |a banky centrálne |
| 610 | 2 | 0 | |a Európska centrálna banka |
| 610 | 2 | 0 | |a Európska menová únia |
| 100 | 1 | |a Baka, Zoltán | |
| 700 | 1 | |a Sobek, Otto | |
| 710 | 2 | |a Národohospodárska fakulta EU. Katedra bankovníctva a medzinárodných financií | |